Súčasné trendy v poskytovaní zamestnaneckých výhod bakalárska práca

Salvato in:
Dettagli Bibliografici
Autore principale: Dunárová, Patrícia
Ente Autore: Obchodná fakulta EU. Katedra marketingu
Altri autori: Matušovičová, Monika, 1967-
Natura: Libro
Lingua:slovacco
Pubblicazione: Bratislava 2013
Tags: Aggiungi Tag
Nessun Tag, puoi essere il primo ad aggiungerne!!

MARC

LEADER 00000nbm a2200000 4500
001 0171279
005 20170315090439.5
041 0 |a slo 
044 |a SK 
245 1 0 |a Súčasné trendy v poskytovaní zamestnaneckých výhod  |b bakalárska práca  |c Patrícia Dunárová ; školiteľ: Monika Matušovičová 
264 1 |a Bratislava  |c 2013 
300 |a 48 s. 
100 1 |a Dunárová, Patrícia 
700 1 |a Matušovičová, Monika, 1967- 
710 2 |a Obchodná fakulta EU. Katedra marketingu